000 00853cam a22002773a 4500
001 10816
003 PGUSA
005 20140828083229.0
008 040101s2004||||xxu|||||s|||||000 1 eng d
040 _aPGUSA
_beng
042 _adc
050 4 _aPZ
100 1 _aCrowquill, Alfred,
_d1804-1872
245 1 4 _aThe Giant Hands ;
_bor, the Reward of Industry
_h[electronic resource] /
_cAlfred Crowquill
260 _bProject Gutenberg,
_c2004
506 _aPublic domain in the USA.
516 _aElectronic text
653 _aGhouls and ogres -- Juvenile fiction
653 _aFairy tales
653 _aConduct of life -- Juvenile fiction
653 _aMothers and sons -- Juvenile fiction
653 _aWork ethic -- Juvenile fiction
830 0 _aProject Gutenberg
_v10816
856 4 0 _uhttp://www.gutenberg.org/ebooks/10816
942 _cEB
999 _c240071
_d240071